000 00370nam a2200145Ia 4500
008 220120s9999||||xx |||||||||||||| ||und||
020 _a9788131758991
082 _a003 KAL
100 _aKalavathy S.
_91325
245 0 _aOperations research
250 _a4th
260 _aVikas publications
_bNew Delhi
_c2013
300 _aXII, 547p.
_b0
650 _aCOMPUTER SCIENCE
999 _c132920
_d132920